Quiz sur les Vosges - Statistiques

Statistiques générales
  • Ce quiz a été pris 886 fois
  • Le résultat moyen est 14 sur 20
Statistiques - réponses
Question Réponse % Correct
Numéro du département 88
98%
Région Grand-Est
98%
Préfecture et plus grande ville Epinal
95%
Communes mondialement connues pour leur eau minérale (citez une des deux). Vittel / Contrexéville
88%
Haut-Rhin
85%
Meurthe-et-Moselle
85%
Bas-Rhin
84%
Meuse
76%
Personnalité historique née à Domrémy. Jeanne d'Arc
72%
Gentilé Vosgiens
70%
Commune surnommée la ''Perle des Vosges'' et connue pour avoir créé l'ancêtre des offices de tourisme. Gérardmer
67%
Haute-Saône
63%
Ressource très importante pour l'économie du département, qui a permis le développement de la plus célèbre entreprise de Etival-Clairefontaine. Le bois
63%
Territoire de Belfort
61%
Départements limitrophes Haute-Marne
60%
Saint-Dié-des-Vosges
59%
Sous-préfectures Neufchâteau
58%
Parc naturel régional de l'est du département. Parc naturel régional des Ballons des Vosges
51%
Couleur du vin produit sur la commune de La Neuveville-sous-Montfort d'après son appellation. Bleu
40%
Nombre d'habitants (arrondi à la dizaine de milliers d'habitants) 370 000 (367 673)
25%
Aucun quiz correspondant
Distribution des résultats
% des personnes avec chaque résultat
Percentile par nombre de réponses
Votre historique - résultats
Vous n’avez pas pris ce quiz